Rozpoznaj film po postaciach (polskie filmy) - Statystyki

Ogólne statystyki
  • Ten quiz został rozwiązany 68 razy
  • Średni wynik to 8 z 16
Statystyki odpowiedzi
Postacie Tytuł filmu % Poprawnych
Sędzia, Ksiądz Robak, Gerwazy Pan Tadeusz
89%
Siara, Lipski, Wąski Kiler
88%
Neron, Petroniusz, Winicjusz Quo Vadis
79%
Fred, Grucha, Bolec Chłopaki nie płaczą
71%
Pyzdra, Kwiczoł, Maryna Janosik
63%
Kwinto,Kramer,Duńczyk VaBank
63%
Franek Dolas, Józef Kryska Jak rozpętałem drugą wojnę światową
59%
Ochódzki, Paluch, Hochwander Miś
52%
Cuma, Szerszeń, Gruby Vinci
48%
Olgierd Jedlina, Adaś Haps, Nadszyszkownik kilkujadek Kingsajz
41%
Jacek, Marian Koniuszko, Mastalerz Zmiennicy
30%
Borowiecki, Moryc Welt, Maks Baum Ziemia obiecana
29%
Kania, Moryc Haber, Baldini C.K. Dezerterzy
21%
Krzakoski, Dudała, fotograf Ferde Co mi zrobisz jak mnie złapiesz
16%
Wareda, Krzepicki, Kunicki Kariera Nikodema Dyzmy
14%
Kenik, Smółka, Wróbel Prawo i pięść
4%
Nie znaleziono quizów pasujących do podanych kryteriów
Rozkład punktacji
Procent ludzi z każdym wynikiem
Percentyl według liczby udzielonych odpowiedzi
Twoja historia wyników
Nie rozwiązałeś tego quizu